Dependence of composition of asphaltene-resin-wax deposits on the water cut value; Petroleum Chemistry; Vol. 56, iss. 8
| Parent link: | Petroleum Chemistry Vol. 56, iss. 8.— 2016.— [P. 765-770] |
|---|---|
| مؤلف مشترك: | |
| مؤلفون آخرون: | , , , , |
| الملخص: | Title screen The deposit formation process in water/oil emulsions based on waxy high-resin oils with different amounts of the aqueous phase has been studied. It has been shown that the deposition rate greatly increases with an increase in the relative amount of the aqueous phase. Relationships of the component composition of paraffin hydrocarbons and the structural group composition of asphaltenes in asphaltene-resin-wax deposits with the water content of the emulsions have been revealed. Режим доступа: по договору с организацией-держателем ресурса |
| اللغة: | الإنجليزية |
| منشور في: |
2016
|
| الموضوعات: | |
| الوصول للمادة أونلاين: | https://doi.org/10.1134/S0965544116080090 |
| التنسيق: | الكتروني فصل الكتاب |
| KOHA link: | https://koha.lib.tpu.ru/cgi-bin/koha/opac-detail.pl?biblionumber=667334 |
MARC
| LEADER | 00000naa0a2200000 4500 | ||
|---|---|---|---|
| 001 | 667334 | ||
| 005 | 20250310170113.0 | ||
| 035 | |a (RuTPU)RU\TPU\network\38539 | ||
| 035 | |a RU\TPU\network\15577 | ||
| 090 | |a 667334 | ||
| 100 | |a 20220316d2016 k||y0rusy50 ba | ||
| 101 | 0 | |a eng | |
| 135 | |a drgn ---uucaa | ||
| 181 | 0 | |a i | |
| 182 | 0 | |a b | |
| 200 | 1 | |a Dependence of composition of asphaltene-resin-wax deposits on the water cut value |f E. V. Kirbizhekova, I. V. Prozorova, N. A. Nebogina [et al.] | |
| 203 | |a Text |c electronic | ||
| 300 | |a Title screen | ||
| 320 | |a [References: 9 tit.] | ||
| 330 | |a The deposit formation process in water/oil emulsions based on waxy high-resin oils with different amounts of the aqueous phase has been studied. It has been shown that the deposition rate greatly increases with an increase in the relative amount of the aqueous phase. Relationships of the component composition of paraffin hydrocarbons and the structural group composition of asphaltenes in asphaltene-resin-wax deposits with the water content of the emulsions have been revealed. | ||
| 333 | |a Режим доступа: по договору с организацией-держателем ресурса | ||
| 461 | |t Petroleum Chemistry | ||
| 463 | |t Vol. 56, iss. 8 |v [P. 765-770] |d 2016 | ||
| 610 | 1 | |a электронный ресурс | |
| 610 | 1 | |a труды учёных ТПУ | |
| 610 | 1 | |a waxy oil | |
| 610 | 1 | |a water/oil emulsion | |
| 610 | 1 | |a asphaltene-resin-wax deposits | |
| 610 | 1 | |a paraffin hydrocarbons | |
| 610 | 1 | |a resin-asphaltene components | |
| 610 | 1 | |a эмульсии | |
| 610 | 1 | |a масла | |
| 610 | 1 | |a асфальтеносмолопарафиновые отложения | |
| 610 | 1 | |a парафиновые углеводороды | |
| 610 | 1 | |a обводненность | |
| 701 | 1 | |a Kirbizhekova |b E. V. | |
| 701 | 1 | |a Prozorova |b I. V. | |
| 701 | 1 | |a Nebogina |b N. A. |g Nadezhda Aleksandrovna | |
| 701 | 1 | |a Grinko |b A. A. |c geochemist |c research engineer of Tomsk Polytechnic University, candidate of chemical sciences |f 1986- |g Andrey Alekseevich |3 (RuTPU)RU\TPU\pers\36888 | |
| 701 | 1 | |a Yudina |b N. V. |g Nataljya Vasiljevna | |
| 712 | 0 | 2 | |a Национальный исследовательский Томский политехнический университет |b Инженерная школа природных ресурсов |b Отделение геологии |3 (RuTPU)RU\TPU\col\23542 |
| 801 | 2 | |a RU |b 63413507 |c 20220316 |g RCR | |
| 856 | 4 | 0 | |u https://doi.org/10.1134/S0965544116080090 |
| 942 | |c CF | ||